000 01542nam0a2200397 4500
001 RU\NLR\bibl\1705584
005 20250616063147.0
010 _a978-5-7974-0232-9
_9500
021 _aRU
_b2010-83433
_95568
035 _a(nilc)RSL-KNO-004799755
035 _a(NLR Aleph) 001696636
090 _a1194208
_c1194208
100 _a20101101d2010 |||y0rusy50 ca
101 0 _arus
102 _aRU
105 _aa |||||||||
200 1 _aПрикладные аспекты высокотемпературной сверхпроводимости
_fЕ. М. Ильин,М. С. Афанасьев
210 _aМосква
_cИКАР
_d2010
215 _a206 с.
_cил., табл.
_d25
320 _aБиблиогр. в конце разделов
606 1 _aСверхпроводимость высокотемпературная
_92085251
_3RU\NLR\auth\661261365
610 0 _aмикроэлектронные компоненты
610 0 _aрадиотепловой информационный канал
610 0 _aсубмиллиметровый диапазон
686 _aЗ232.07,0
_2rubbk
686 _aВ368.316,0
_2rubbk
686 _aВ332.21
700 1 _aИльин
_bЕ. М.
_gЕвгений Михайлович
_4070
701 1 _aАфанасьев
_bМ. С.
_gМихаил Сергеевич
_4070
801 0 _aRU
_bРГБ
_c20101101
_grcr
801 1 _aRU
_bРГБ
_c20101101
801 2 _aRU
_bNLR
_c20101124
_grcr
830 _aавт. по кн.
942 _cBOOK
980 _aNB